Welcome to CU Library Online Public Access Catalogue (OPAC)

A texbook of christian ethics (Record no. 2743)

MARC details
000 -LEADER
fixed length control field 00518nam a2200157 4500
001 - CONTROL NUMBER
control field FRBNF374735740000007
003 - CONTROL NUMBER IDENTIFIER
control field http://catalogue.bnf.fr/ark:/12148/cb374735744
005 - DATE AND TIME OF LATEST TRANSACTION
control field 20250121121651.0
008 - FIXED-LENGTH DATA ELEMENTS--GENERAL INFORMATION
fixed length control field 250121b |||||||| |||| 00| 0 eng d
100 ## - MAIN ENTRY--PERSONAL NAME
Personal name 19960424d1995 m y0frey50 ba
245 ## - TITLE STATEMENT
Title A texbook of christian ethics
260 ## - PUBLICATION, DISTRIBUTION, ETC.
Place of publication, distribution, etc. london
Name of publisher, distributor, etc. T and T Clark
Date of publication, distribution, etc. 1995c
300 ## - PHYSICAL DESCRIPTION
Extent Bibliogr. p. 567-588. Index
700 ## - ADDED ENTRY--PERSONAL NAME
Materials specified 12525379
Arranged statement for music ISNI0000000398946680
Personal name Gill
Numeration Robin
Date of a work 1944-....
Relationship 070
942 ## - ADDED ENTRY ELEMENTS (KOHA)
Source of classification or shelving scheme Library of Congress Classification
Koha item type Books
Suppress in OPAC No
999 ## -
-- 2743
-- 2743
Holdings
Withdrawn status Lost status Source of classification or shelving scheme Damaged status Not for loan Collection Home library Current library Shelving location Date acquired Total checkouts Full call number Barcode Date last seen Copy number Price effective from Koha item type
    Library of Congress Classification     Non-fiction Graduate Library (Christ Temple) Graduate Library (Christ Temple) General stacks 01/21/2025   BJ.1251 GIL GSCT00000285 01/21/2025 1 01/21/2025 Books
© 2023-2024 Copyright: Central University Libraries. All Rights Reserved | Created by: Mahone Tech Office